000 00707nam a2200241Ia 4500
003 OSt
005 20220926000852.0
006 a|||||r|||| 00| 0
007 ta
008 220923b |||||||| |||| 00| 0 eng d
037 _cGeneral Book
040 _aRTL
_cRTL
_beng
041 _2eng
_aeng
082 _aY:5231.2.N8, M5
100 _aPatnaik M M
_9303129
245 0 _aSocio-economic, cultural and demographic rationality of Fertility Behaviour
260 _a New Delhi
_bJanaki Prakashan
_c1985
300 _aviii,208p
_ccm.
500 _aBibliography: p 198-208
650 _aFertility
942 _hY:5231.2.N8, M5
_cGB
_2CC
999 _c599939
_d599939